000 00217 a2200097 4500
000 nam a22 7a 4500
005 20260209173652.0
100 _aStuart, Douglas
_91114748
245 _aShuggie bain
942 _cTEXL
999 _c1679071
_d1679071